000 00476nam a22002057a 4500
003 bpm
005 20260409105516.0
008 260409b |||||||| |||| 00| p spa d
020 _a9788491047247
024 _aS. C. C. / M. C. y E. M.:
040 _aAR-CtUCP
041 _aspa
080 _aCDU
100 _aHernández Miguel
245 _aPoesía esencial
260 _aMadrid
_bAlianza
_c2017
650 _aLiteratura - Poesía
942 _cLIB
999 _c76625
_d76625